00477nam a2200145Ia 4500008004100000041000800041082001700049100001300066245003800079250001200117260004800129300003200177999001500209952010700224240624s9999 xx 000 0 und d aeng a658.1552 IYE aIYER S S aVALUE ENGINEERING A HOW TO MANUAL a(2 ed.) c2000aNew DelhibNew Age International Pub. axiii, : 267 : p. : cm. ; 22 c5219d5219 00104070aIMTNbIMTNcRack 25-Bd2007-05-15o658.1552 IYEp5219r2024-06-24 00:00:00w2024-06-24yBK